| 000 | 00513nam a2200169Ia 4500 | ||
|---|---|---|---|
| 003 | OSt | ||
| 005 | 20200519130054.0 | ||
| 008 | 190216s9999||||xx |||||||||||||| ||und|| | ||
| 020 | _a9788174350220 | ||
| 040 | _coclc | ||
| 082 |
_a340.59 _bMUS/I |
||
| 100 |
_aMuslehuddin, Muhammad _92244 |
||
| 245 | 0 |
_aInsurance And Islamic Law / _cMuhammad Muslehuddin |
|
| 260 |
_bAdam Publishers&Distributors, _c2009. _aNew Dellhi: |
||
| 300 | _a152p | ||
| 942 |
_cBK _2ddc _h340.59 _iMUS/I _k340.59 _mMUS/I |
||
| 999 |
_c22776 _d22776 |
||